<?xml version="1.0" encoding="UTF-8"?>
<record
    xmlns:xsi="http://www.w3.org/2001/XMLSchema-instance"
    xsi:schemaLocation="http://www.loc.gov/MARC21/slim http://www.loc.gov/standards/marcxml/schema/MARC21slim.xsd"
    xmlns="http://www.loc.gov/MARC21/slim">

  <leader>00445nam a22001097a 4500</leader>
  <controlfield tag="008">190717b        xxu||||| |||| 00| 0 eng d</controlfield>
  <datafield tag="010" ind1=" " ind2=" ">
    <subfield code="a">SCCAF:27</subfield>
  </datafield>
  <datafield tag="245" ind1=" " ind2=" ">
    <subfield code="a">SUPREME COURT CRIMINAL APPEAL NO. 19/85   FRANCIS PANKRAS MLOBERER VS UGANDA</subfield>
  </datafield>
  <datafield tag="260" ind1=" " ind2=" ">
    <subfield code="a">MENGO</subfield>
    <subfield code="c">1989</subfield>
  </datafield>
  <datafield tag="500" ind1=" " ind2=" ">
    <subfield code="a">CORAM:WAMBUZI, C.J., ODER, J.S.C., PLATT,J.S.C)</subfield>
  </datafield>
  <datafield tag="500" ind1=" " ind2=" ">
    <subfield code="a">(APPEAL FROM THE DECISION OF THE HIGH COURT OF UGANDA AT KAMPALA (MR. JUSTICE S.T. MANYINDO DATED 31ST MAY 1985)</subfield>
  </datafield>
  <datafield tag="999" ind1=" " ind2=" ">
    <subfield code="c">8723</subfield>
    <subfield code="d">8723</subfield>
  </datafield>
  <datafield tag="952" ind1=" " ind2=" ">
    <subfield code="0">0</subfield>
    <subfield code="1">0</subfield>
    <subfield code="2">ddc</subfield>
    <subfield code="4">0</subfield>
    <subfield code="6">SCCAF_27</subfield>
    <subfield code="7">0</subfield>
    <subfield code="9">16063</subfield>
    <subfield code="a">MAIN</subfield>
    <subfield code="b">MAIN</subfield>
    <subfield code="c">LRP</subfield>
    <subfield code="d">2019-07-17</subfield>
    <subfield code="l">0</subfield>
    <subfield code="o">SCCAF:27</subfield>
    <subfield code="p">562/2019</subfield>
    <subfield code="r">2019-07-17 00:00:00</subfield>
    <subfield code="w">2019-07-17</subfield>
    <subfield code="y">URC</subfield>
    <subfield code="z">JUDGEMENT WAS ENTERED ON 27TH OF JULY 1989</subfield>
  </datafield>
</record>
